FIG Bulletin (Record no. 118573)

MARC details
000 -LEADER
fixed length control field 00550cas a22002055a 4500
001 - CONTROL NUMBER
control field L276
008 - FIXED-LENGTH DATA ELEMENTS--GENERAL INFORMATION
fixed length control field 070627c1967 bu fr p 0 a0eng
022 0# - INTERNATIONAL STANDARD SERIAL NUMBER
International Standard Serial Number 1018-6522
035 ## - SYSTEM CONTROL NUMBER
System control number (Sirsi) u98905
041 0# - LANGUAGE CODE
Language code of text/sound track or separate title eng
110 2# - MAIN ENTRY--CORPORATE NAME
Corporate name or jurisdiction name as entry element Federation Internationale des Geometres
9 (RLIN) 5065
245 00 - TITLE STATEMENT
Title FIG Bulletin
260 ## - PUBLICATION, DISTRIBUTION, ETC.
Place of publication, distribution, etc. Sofia
Name of publisher, distributor, etc. FIG
Date of publication, distribution, etc. 1967-
362 ## - DATES OF PUBLICATION AND/OR SEQUENTIAL DESIGNATION
Dates of publication and/or sequential designation (1) 1967-(72) March 2001
554 ## -
-- Two per year
651 #4 - SUBJECT ADDED ENTRY--GEOGRAPHIC NAME
Geographic name International
690 ## - LOCAL SUBJECT ADDED ENTRY--TOPICAL TERM (OCLC, RLIN)
Topical term or geographic name as entry element ENVIRONMENTAL AND LAND CONSULTANCY-GEOMATICS-LAND SURVEYING
942 ## - ADDED ENTRY ELEMENTS (KOHA)
Suppress in OPAC 0
948 ## - LOCAL PROCESSING INFORMATION (OCLC); SERIES PART DESIGNATOR (RLIN)
c (OCLC) 18/08/1994
Holdings
Withdrawn status Lost status Source of classification or shelving scheme Damaged status Not for loan Home library Current library Shelving location Date acquired Total Checkouts Full call number Barcode Date last seen Price effective from Koha item type
    Dewey Decimal Classification     London London Basement 21/09/2005   FIG BULLETIN 98905-2001 06/08/2019 06/08/2019 Journal